|
|
|
|
| LEADER |
00000cam a22000004a 4500 |
| 001 |
musev2_75320 |
| 003 |
MdBmJHUP |
| 005 |
20230905051800.0 |
| 006 |
m o d |
| 007 |
cr||||||||nn|n |
| 008 |
190408t20192019inu o 00 0 eng d |
| 020 |
|
|
|a 9780253036742
|
| 020 |
|
|
|z 9780253029140
|
| 020 |
|
|
|z 9780253036735
|
| 020 |
|
|
|z 9780253036711
|
| 020 |
|
|
|z 9780253036728
|
| 035 |
|
|
|a (OCoLC)1121469975
|
| 040 |
|
|
|a MdBmJHUP
|c MdBmJHUP
|
| 100 |
1 |
|
|a Jung, Yuson,
|d 1972-
|e author.
|
| 245 |
1 |
0 |
|a Balkan Blues :
|b Consumer Politics after State Socialism /
|c Yuson Jung.
|
| 264 |
|
1 |
|a Bloomington, Indiana :
|b Indiana University Press,
|c [2019]
|
| 264 |
|
3 |
|a Baltimore, Md. :
|b Project MUSE,
|c 2021
|
| 264 |
|
4 |
|c ©[2019]
|
| 300 |
|
|
|a 1 online resource (212 pages):
|b illustrations (black and white.
|
| 336 |
|
|
|a text
|b txt
|2 rdacontent
|
| 337 |
|
|
|a computer
|b c
|2 rdamedia
|
| 338 |
|
|
|a online resource
|b cr
|2 rdacarrier
|
| 490 |
0 |
|
|a New anthropologies of Europe
|
| 588 |
|
|
|a Description based on print version record.
|
| 650 |
|
7 |
|a Post-communism
|x Economic aspects.
|2 fast
|0 (OCoLC)fst01072733
|
| 650 |
|
7 |
|a Economic policy.
|2 fast
|0 (OCoLC)fst00902025
|
| 650 |
|
7 |
|a Economic history.
|2 fast
|0 (OCoLC)fst00901974
|
| 650 |
|
7 |
|a Consumption (Economics)
|2 fast
|0 (OCoLC)fst00876455
|
| 650 |
|
7 |
|a Consumer protection.
|2 fast
|0 (OCoLC)fst00876358
|
| 650 |
|
7 |
|a Capitalism.
|2 fast
|0 (OCoLC)fst00846425
|
| 650 |
|
0 |
|a Post-communism
|x Economic aspects
|z Bulgaria.
|
| 650 |
|
0 |
|a Capitalism
|z Bulgaria.
|
| 650 |
|
0 |
|a Consumer protection
|z Bulgaria.
|
| 650 |
|
0 |
|a Consumption (Economics)
|z Bulgaria.
|
| 651 |
|
7 |
|a Bulgaria.
|2 fast
|0 (OCoLC)fst01212489
|
| 651 |
|
0 |
|a Bulgaria
|x Economic conditions
|y 1989-
|
| 651 |
|
0 |
|a Bulgaria
|x Economic policy
|y 1989-
|
| 655 |
|
7 |
|a Electronic books.
|2 local
|
| 710 |
2 |
|
|a Project Muse.
|e distributor
|
| 830 |
|
0 |
|a Book collections on Project MUSE.
|
| 856 |
4 |
0 |
|z Texto completo
|u https://projectmuse.uam.elogim.com/book/75320/
|
| 945 |
|
|
|a Project MUSE - Custom Collection
|
| 945 |
|
|
|a Project MUSE - 2019 Complete Supplement
|
| 945 |
|
|
|a Project MUSE - 2019 Russian and East European Studies Supplement
|